000 00872nam a22001817a 4500
999 _c63524
_d63524
003 Ge_BSU
005 20251024201611.0
008 251024s1966 ge ||||| |||| 00| 0 geo d
041 _ageo
080 _a330.146 : 339.133 ხ-25
100 _aხარაზი, ლევან
_926109
245 _aდაგროვებისა და მოხმარების ზოგიერთი საკითხი კომუნიზმის გაშლილი მშენებლობის პერიოდში /
_cლევან ხარაზი.
264 _aთბ. :
_b საბჭ. საქართველო,
_c1966.
300 _a67 გვ. ;
_b20 სმ.
504 _aბიბლიოგრ. შენიშვნებში.
653 _aკაპიტალის დაგროვება
942 _2udc
_cᲬᲘᲒᲜᲘ